000 00547nam a22002057a 4500
003 OSt
005 20240424151936.0
008 240424b |||||||| |||| 00| 0 eng d
020 _a0135367972
040 _cDDC
082 _a512.5 HOF 1971
100 _aHoffman, Kenneth; Kunze, Ray
_916971
245 _aLinear Algebra
250 _a2nd ed.
260 _aNew Jersey;
_bPrentice hall,
_c1971
300 _aviii,407p; Ill: 24cm
504 _aAppendix, bibliography, & index included
650 _aLinear algebra
_93634
942 _2ddc
_cO_SHELF
999 _c8308
_d8308